logo

Bir Sreshtho Munshi Abdur Rouf Library
Jhenaidah Cadet College

The double trap / (Record no. 7131)

MARC details
000 -LEADER
fixed length control field 00532nam a22002052i 4500
001 - CONTROL NUMBER
JCCL Control Number 7131
003 - CONTROL NUMBER IDENTIFIER
JCCL marc code UkOxU
005 - DATE AND TIME OF LATEST TRANSACTION
control field 20180517082141.0
008 - FIXED-LENGTH DATA ELEMENTS--GENERAL INFORMATION
fixed length control field 500101s1955 xxk j 000 0 eng d
035 ## - SYSTEM CONTROL NUMBER
system control number OCLC ocm30164514 from D950120M
040 ## - CATALOGING SOURCE
Original cataloging agency UKM
Transcribing agency UKM
Modifying agency EQO
041 ## - LANGUAGE CODE
Language code of Book eng
082 ## - DEWEY DECIMAL CLASSIFICATION NUMBER
Classification number 823.91
082 ## - DEWEY DECIMAL CLASSIFICATION NUMBER
Classification number 823.91
DDC Edition number 18
Author mark and Year AND 1955
100 1# - MAIN ENTRY--PERSONAL NAME
Personal name Andreae, Brian.
245 14 - TITLE STATEMENT
Title The double trap /
Statement of responsibility, etc Brian Andreae illustrated by R.G. Campbell
260 ## - PUBLICATION, DISTRIBUTION, ETC. (IMPRINT)
Place of publication, distribution, etc Blackie,
Date of publication, distribution, etc 1955
300 ## - PHYSICAL DESCRIPTION
Pagination 220 p. :
Other physical details ill. ;
Dimensions 20 cm
942 ## - ADDED ENTRY ELEMENTS (KOHA)
Source of classification or shelving scheme Dewey Decimal Classification
Koha item type Books
Holdings
Source of classification or shelving scheme Damaged status Not for loan Home library Current library Shelving location Date of accession Total Checkouts Full call number Barcode Date last seen Copy number Koha item type
Dewey Decimal Classification     JCC Rouf Library JCC Rouf Library General Stacks 02/05/2018   823.91 AND 8866 02/05/2018 C - 1 Books

JCC Library | Contacts | JCC Home

Last Update on 23 September 2017
Copyright @ 2017-2020 JCC Rouf Library
Rouf Library, Jhenidah Cadet College (JCC), Bangladesh